Statistiques concernant Personnages célèbres - Série 44

Cliquez ici pour prendre le quiz!

Statistiques générales

  • Ce quiz a été pris 127 fois
  • Le résultat moyen est 10 sur 15

Statistiques - réponses

Réponse% Correct
François Hollande
97%
Omar Sy
92%
Sylvester Stallone
90%
Johnny Depp
88%
Pierre Palmade
86%
Kev Adams
79%
Meryl Streep
70%
Robert de Niro
69%
Jacques Dutronc
63%
Arnold Schwarzenegger
63%
Benoit Poelvoorde
55%
Natalie Portman
53%
Marcel Cerdan
47%
Mélanie Laurent
46%
Eddy Merckx
28%

Distribution des résultats

Percentile par nombre de réponses

% des personnes avec chaque résultat

Votre développement - résultats

Vous n’avez pas pris ce quiz